Towards a Perspective for Boy-Lovers /

Uloženo v:
Podrobná bibliografie
Hlavní autor: Nichols, D. W.
Médium: Kniha
Jazyk:angličtina
Vydáno: Lansing Editorial Creative Products 1976
Tagy: Přidat tag
Žádné tagy, Buďte první, kdo vytvoří štítek k tomuto záznamu!

MARC

LEADER 00000nam a2200000 4500
001 CDOM0000004012
003 mi
005 20251018200710.0
008 251018b |||||||| |||| 00| 0 eng d
040 |c mi 
100 |a Nichols, D. W. 
245 1 |a Towards a Perspective for Boy-Lovers /  |c D. W. Nichols 
260 |a Lansing  |b Editorial Creative Products  |c 1976 
300 |a 100 p. ;  |c 21,5 cm. 
942 |2 ddc  |c BK 
952 |0 0  |1 0  |2 ddc  |4 0  |7 0  |9 7158  |a MI  |b MI  |d 1988-02-18  |i 849  |l 0  |p CDOM849  |r 2025-07-13 16:28:00  |w 2025-07-13  |x ACQUISTO  |y BK 
999 |c 5855  |d 5855